LEADER 02604nam 22006014 450 001 9910265238303321 005 20240424230454.0 010 $a9780822377238 010 $a0822377233 024 7 $a10.1215/9780822377238 035 $a(CKB)2550000001305876 035 $a(EBL)1691223 035 $a(SSID)ssj0001107643 035 $a(PQKBManifestationID)11701258 035 $a(PQKBTitleCode)TC0001107643 035 $a(PQKBWorkID)11085533 035 $a(PQKB)10870208 035 $a(MiAaPQ)EBC1691223 035 $a(OCoLC)867051385 035 $a867051385 035 $a(oapen)https://directory.doabooks.org/handle/20.500.12854/31890 035 $a(Perlego)1467345 035 $a(oapen)doab31890 035 $a(EXLCZ)992550000001305876 100 $a20140102d2013 uy 0 101 0 $aeng 135 $aur|n|---||||| 181 $ctxt 182 $cc 183 $acr 200 00$aTango lessons $emovement, sound, image, and text in contemporary practice /$fMarilyn G. Miller, ed 210 $aDurham, NC$cDuke University Press$d2014 210 1$aDurham :$cDuke University Press,$d2013. 215 $a1 online resource (293 p.) 300 $aDescription based upon print version of record. 311 08$a0-8223-5566-3 311 08$a0-8223-5549-3 320 $aIncludes bibliographical references and index. 327 $aLunfardo in tango : a way of speaking that defines a way of being / Oscar Conde -- Borges, tango, and milonga / Alejandro Susti -- Picturing tango / Marilyn G. Miller -- Tango, politics, and the musical of exile / Antonio Go?mez -- The return of the tango in documentary film / Fernando Rosenberg -- "Manejame como un auto" : Drive me like a car, or What's so new about tango nuevo? / Carolyn Merritt -- Contemporary tango and the cultural politics of mu?sica popular / Morgan James Luker -- Gotan Project's tango project / Esteban Buch. 330 $aTango Lessons is an interdisciplinary collection of essays examining the many varied perspectives that tango provides on Argentina's social, cultural, and intellectual history from the late nineteenth century to the early twenty-first. 606 $aTango (Dance)$xSocial aspects$xHistory 606 $aTangos$xHistory and criticism 615 0$aTango (Dance)$xSocial aspects$xHistory. 615 0$aTangos$xHistory and criticism. 676 $a793.3/3 676 $a793.33 701 $aMiller$b Marilyn Grace$f1961-$0953935 801 0$bNDD 801 1$bNDD 906 $aBOOK 912 $a9910265238303321 996 $aTango lessons$92189862 997 $aUNINA